• 首页
  • 本馆介绍
  • 公告通知
  • 最新文献
  • 馆藏检索
  • 电子资源
  • 读者导购
  • 参考咨询
  • 我的图书馆
  • 登录
  • 详细信息显示
  • 放入我的书架
  • 预约/预借图书
  • 作者相关作品
  • 分类相关作品
  • 丛书相关作品
  • 出版社相关作品

书目信息

  • 表格格式
  • 工作单格式
  • 卡片格式
题名:
白酒生产工艺学
    
 
作者: 周恒刚 编著
分册:  
出版信息: 北京   轻工业出版社  1982.5
页数: 295页
开本: 19cm
丛书名:
单 册:
中图分类: TQ261.4
科图分类:
主题词: 元素有机化合物--生产
电子资源:
ISBN:
000 00501nam0 2200181 45
001 0181011300
005 20051114151020.26
010    @dCNY1.10
100    @a20810111d km y0chiy0120 ea
101 0  @achi
200 1  @a白酒生产工艺学@Abai jiu sheng chan gong yi xue@f周恒刚编著@Fzhou heng gang
210    @a北京@c轻工业出版社@d1982.5
215    @a295页@d19cm
606 0  @a元素有机化合物@x生产
690    @aTQ261.4
701 0  @a周恒刚@4编著
801    @aCN@bTSTC@c20051114
905    @dTQ261.4@e6@f1@b158174
    
    白酒生产工艺学/周恒刚编著.-北京:轻工业出版社,1982.5
    295页;19cm
    
    
    ISBN :CNY1.10
    
●
相关链接 在E读中查询图书 在五车中查询图书 在当当中查询图书 在豆瓣中查询图书


正题名:白酒生产工艺学     索取号:TQ261.4/6         预约/预借

序号 登录号 条形码 馆藏地/架位号 状态 备注
1 0158174   202146098   密集书库/ [索取号:TQ261.4/6] 在馆    
唐山师范学院图书馆 欢迎您!
大连网信软件有限公司© 版权所有